[Event "IIFL Wealth 4th Mumbai GM"]
[Site "Mumbai"]
[Date "2019.01.03"]
[Round "5"]
[White "Shyaamnikhil P"]
[Black "Kathmale, Sameer"]
[Result "1-0"]
[WhiteElo "2448"]
[BlackElo "2312"]
[Annotator "NA"]
[PlyCount "210"]
[EventDate "2018.12.30"]
[EventType "swiss"]
[EventCountry "IND"]
[SourceTitle "playchess.com"]
[Source "ChessBase"]
[SourceQuality "1"]
[TimeControl "40/5400+30:1800+30"]

1. e4 {[%emt 0:00:16]} c6 {[%emt 0:00:00]} 2. d4 {[%emt 0:00:13]} d5 {[%emt 0:00:00]} 3. Nd2 {[%emt 0:00:09]} dxe4 {[%emt 0:00:25]} 4. Nxe4 {[%emt 0:00:07]} Nf6 {[%emt 0:02:53]} 5. Nxf6+ {[%emt 0:00:41]} exf6 {[%emt 0:00:07]} 6. c3 {[%emt 0:00:34]} Bd6 {[%emt 0:00:18]} 7. Bd3 {[%emt 0:00:10]} O-O {[%emt 0:00:24]} 8. Qc2 {[%emt 0:00:09]} Re8+ {[%emt 0:00:17] B15: Caro-Kann: 3 Nc3: 3...g6 and 3...dxe4 4 Nxe4 Nf6 5 Nxf6+ exf6} 9. Ne2 {[%emt 0:00:10]} (9. Be3 h5 10. O-O-O Qa5 11. Kb1 Be6 12. c4 Na6 13. Bd2 Nb4 14. Qb3 b5 15. Bxb4 Bxb4 16. Qc2 bxc4 17. Bxc4 Bxc4 18. Qxc4 {0-1 (47) Stevic,H (2589)-Cheparinov,I (2711) Zagreb 2018}) 9... h5 {[%emt 0:00:10]} 10. O-O {[%emt 0:03:36]} h4 {[%emt 0:04:31]} 11. h3 {[%emt 0:01:15]} Nd7 {[%emt 0:00:44]} 12. Be3 {[%emt 0:00:26]} Nf8 {[%emt 0:10:10]} 13. Qd2 {[%emt 0:00:28]} Be6 {[%emt 0:05:38]} 14. Rfe1 {[%emt 0:13:26]} Qd7 {[%emt 0:03:35]} 15. Bf4 {[%emt 0:01:50] [#]} Ng6 $146 {[%emt 0:01:17]} ({Predecessor:} 15... Be7 16. Be3 {½-½ (42) Pap,M (2482)-Sedlak,N (2587) Biograd na Moru 2018}) 16. Bxd6 {[%emt 0:01:57]} Qxd6 {[%emt 0:00:08]} 17. c4 {[%emt 0:11:55]} Re7 {[%emt 0:09:40]} 18. b3 {[%emt 0:10:05]} Rae8 {[%emt 0:09:49]} 19. Bxg6 {[%emt 0:03:31]} fxg6 {[%emt 0:02:03]} 20. Nc3 {[%emt 0:00:25]} g5 {[%emt 0:09:39]} 21. Ne4 {[%emt 0:06:00]} Qd8 {[%emt 0:02:55]} 22. Nc3 {[%emt 0:11:26]} Bf7 {[%emt 0:15:45]} 23. Rxe7 {[%emt 0:01:11]} Rxe7 {[%emt 0:00:51]} 24. Rd1 {[%emt 0:02:13]} Rd7 {[%emt 0:02:09]} 25. Qd3 {[%emt 0:00:44]} a6 {[%emt 0:03:37]} 26. d5 {[%emt 0:07:43]} cxd5 {[%emt 0:00:59]} 27. cxd5 {[%emt 0:00:07]} Rd6 {[%emt 0:01:08]} 28. Qe3 {[%emt 0:01:34]} Rd7 {[%emt 0:02:09]} 29. Qd4 {[%emt 0:00:49]} Rd6 {[%emt 0:00:07]} 30. b4 {[%emt 0:01:51]} b6 {[%emt 0:02:55]} 31. Qd3 {[%emt 0:02:05]} a5 {[%emt 0:03:49]} 32. a3 {[%emt 0:01:09]} Kf8 {[%emt 0:02:50]} 33. Qd4 {[%emt 0:01:20]} axb4 {[%emt 0:01:41]} 34. axb4 {[%emt 0:00:57]} Kg8 {[%emt 0:00:05]} 35. Qe4 {[%emt 0:03:28]} Rd7 {[%emt 0:02:09]} 36. Qd3 {[%emt 0:01:35]} Rd6 {[%emt 0:00:08]} 37. Ra1 {[%emt 0:00:10]} Rd7 {[%emt 0:01:05]} 38. Qc4 {[%emt 0:01:03]} Rc7 {[%emt 0:01:08]} 39. Qd4 {[%emt 0:01:08]} Rd7 {[%emt 0:00:44]} 40. Rd1 {[%emt 0:00:00]} Rd6 {[%emt 0:00:00]} 41. Qd3 {[%emt 0:05:41]} Kf8 {[%emt 0:08:38]} 42. Qc4 {[%emt 0:01:06]} Kg8 {[%emt 0:00:19]} 43. Ra1 {[%emt 0:01:14]} Kh7 {[%emt 0:02:14]} 44. Rd1 {[%emt 0:05:55]} Kg8 {[%emt 0:01:09]} 45. f4 {[%emt 0:02:14]} f5 {[%emt 0:03:31]} 46. Re1 {[%emt 0:00:48]} b5 {[%emt 0:04:52]} 47. Qd4 {[%emt 0:02:48]} gxf4 {[%emt 0:03:56]} 48. Qxf4 {[%emt 0:00:09]} Bxd5 {[%emt 0:01:50]} 49. Rd1 {[%emt 0:02:31]} Rd7 $1 {[%emt 0:00:20]} 50. Qxf5 {[%emt 0:02:41]} Qb6+ {[%emt 0:01:11]} 51. Qf2 {[%emt 0:02:58]} Qxf2+ {[%emt 0:00:28]} 52. Kxf2 {[%emt 0:00:05]} Rf7+ {[%emt 0:00:06]} 53. Kg1 {[%emt 0:00:07]} Bc4 {[%emt 0:00:34]} 54. Rd4 {[%emt 0:00:13]} Rf1+ {[%emt 0:01:29]} 55. Kh2 {[%emt 0:00:04]} Rf2 {[%emt 0:00:52]} 56. Rxh4 {[%emt 0:00:28]} Rb2 {[%emt 0:01:04]} 57. Rf4 {[%emt 0:00:07]} Rxb4 {[%emt 0:00:41]} 58. Nd5 {[%emt 0:00:11]} g5 {[%emt 0:02:28]} 59. Rg4 {[%emt 0:02:00]} Rb1 {[%emt 0:01:46]} 60. Ne3 {[%emt 0:02:01]} Be6 {[%emt 0:01:00]} 61. Rxg5+ {[%emt 0:00:17]} Kh7 {[%emt 0:01:01]} 62. Re5 {[%emt 0:00:34]} Bg8 {[%emt 0:00:38]} (62... Ba2 $14) 63. Re7+ {[%emt 0:00:15]} (63. Nd5 $16) 63... Kg6 {[%emt 0:00:14]} 64. Rb7 {[%emt 0:01:41]} b4 {[%emt 0:00:20]} 65. Rb6+ {[%emt 0:00:35]} Kh7 {[%emt 0:01:10]} 66. Rb7+ {[%emt 0:04:10]} Kg6 {[%emt 0:00:14]} 67. Rb6+ {[%emt 0:00:07]} Kh7 {[%emt 0:00:04]} 68. Ng4 {[%emt 0:00:27]} Ba2 {[%emt 0:00:59]} (68... Kg7 $14) 69. h4 {[%emt 0:03:57]} b3 {[%emt 0:00:38] [#]} 70. h5 $18 {[%emt 0:00:06]} Rf1 {[%emt 0:01:32]} 71. Rb7+ {[%emt 0:00:07]} Kh8 {[%emt 0:01:05]} 72. Kg3 {[%emt 0:05:07]} Rf8 {[%emt 0:00:26]} 73. Kh4 {[%emt 0:00:30]} Rf5 {[%emt 0:00:43]} 74. Rb6 {[%emt 0:04:27]} Rf7 {[%emt 0:00:48]} 75. Kg5 {[%emt 0:01:16]} Rg7+ {[%emt 0:00:23]} 76. Kf4 {[%emt 0:00:09]} Rf7+ {[%emt 0:00:33]} 77. Ke5 {[%emt 0:01:45]} Rg7 {[%emt 0:00:19]} 78. Kf4 {[%emt 0:00:34]} Rf7+ {[%emt 0:00:07]} 79. Kg3 {[%emt 0:00:06]} Kh7 {[%emt 0:00:43]} 80. Rb8 {[%emt 0:00:32]} Rc7 {[%emt 0:00:40]} 81. Kh4 {[%emt 0:00:19]} Rc2 {[%emt 0:00:34]} 82. Rb7+ {[%emt 0:00:10]} Kg8 {[%emt 0:00:14]} 83. Nf6+ {[%emt 0:01:38]} Kf8 {[%emt 0:00:01]} 84. h6 {[%emt 0:00:11]} Rxg2 {[%emt 0:00:42]} 85. h7 {[%emt 0:00:12]} Rh2+ {[%emt 0:00:25]} 86. Kg5 {[%emt 0:00:17]} Bb1 {[%emt 0:00:49]} 87. Rb8+ {[%emt 0:00:05]} Ke7 {[%emt 0:00:56]} 88. h8=Q {[%emt 0:00:08]} Rxh8 {[%emt 0:00:22]} 89. Rxh8 {[%emt 0:00:03]} Bc2 {[%emt 0:00:32]} 90. Rb8 {[%emt 0:00:04]} Kd6 {[%emt 0:00:40]} 91. Kf4 {[%emt 0:00:09]} Kc7 {[%emt 0:00:26]} 92. Rb4 {[%emt 0:00:07]} Kc6 {[%emt 0:00:16]} 93. Ke3 {[%emt 0:00:07]} Kc5 {[%emt 0:00:18]} 94. Rb8 {[%emt 0:00:07]} Kc4 {[%emt 0:00:07]} 95. Kd2 {[%emt 0:00:06]} Bf5 {[%emt 0:00:14]} 96. Nh5 {[%emt 0:00:11]} Bd7 {[%emt 0:00:19]} 97. Ng3 {[%emt 0:00:09]} Be6 {[%emt 0:00:47]} 98. Ne2 {[%emt 0:00:10]} Bf5 {[%emt 0:00:16]} 99. Nc3 {[%emt 0:00:18]} Be6 {[%emt 0:00:10]} 100. Na4 {[%emt 0:00:12]} Bf7 {[%emt 0:00:11]} 101. Nb2+ {[%emt 0:00:06]} Kd4 {[%emt 0:00:08]} 102. Rb4+ {[%emt 0:00:03]} Kc5 {[%emt 0:00:07]} 103. Kc3 {[%emt 0:00:04]} Be6 {[%emt 0:00:11]} 104. Nd3+ {[%emt 0:00:05]} Kc6 {[%emt 0:00:05]} 105. Nc1 {[%emt 0:00:04]} Kd5 1-0

[Event "IIFL Wealth 4th Mumbai GM"]
[Site "Mumbai"]
[Date "2019.01.03"]
[Round "5"]
[White "Akash G"]
[Black "Thapa, Krishna"]
[Result "1-0"]
[WhiteElo "2443"]
[BlackElo "2024"]
[Annotator "TA"]
[PlyCount "71"]
[EventDate "2018.12.30"]
[EventType "swiss"]
[EventCountry "IND"]
[SourceTitle "playchess.com"]
[Source "ChessBase"]
[SourceQuality "1"]

{[%evp 23,71,29,31,31,69,70,158,166,157,160,265,123,115,123,123,131,131,115,114,108,283,264,476,476,476,476,476,476,475,473,462,454,624,614,641,641,649,646,593,520,679,678,677,680,664,668,732,704,721,718]} 1. e4 c5 2. Nf3 e6 3. d4 cxd4 4. Nxd4 Nc6 5. Nc3 Qc7 6. Be2 a6 7. O-O Nf6 8. Be3 Bb4 9. Na4 O-O 10. c4 Bd6 11. g3 Nxe4 12. Bf3 {B49: Sicilian: Taimanov: 5 Nc3 Qc7 6 Be3 a6 7 Be2} f5 {LiveBook: 35 Games} 13. Rc1 {[%mdl 1024] White has compensation.} Be7 14. c5 {White is slightly better.} Kh8 $146 (14... Bf6 $14) ({Predecessor:} 14... Nf6 15. Re1 h6 16. h4 Ne8 17. Nb6 Ra7 18. Bf4 Qd8 19. Bxc6 bxc6 20. Nxe6 dxe6 21. Qxd8 Bxd8 22. Nxc8 {½-½ (43) Panarin,M (2552)-Hayrapetyan,H (2500) Moscow 2013}) 15. Nb6 $16 Rb8 16. Bf4 $1 {[%cal Rf4c7]} Ne5 (16... Bd6 $16) 17. Nxf5 (17. Nc4 $18 Bf6 18. Bxe4 fxe4 19. h4) 17... Ng5 18. Nxe7 Nexf3+ {[#]} 19. Kg2 $1 Rxf4 {[#]} 20. Qd6 $1 $36 {[%cal Rd6c7][%mdl 2048] Keeping Black busy.} Qxd6 21. cxd6 Rf8 $2 (21... Rf7 $16) 22. Nexc8 $18 Ne4 $2 (22... Nd4 {was worth a try.} 23. Rc7 (23. Nxd7 Rbxc8 24. Nxf8 Rxf8 $16) 23... Nb5) 23. Nxd7 {[%mdl 64] Double Attack. White is clearly winning.} Rbxc8 24. Nxf8 Rxf8 25. d7 Ne5 26. Rce1 Nxd7 27. Rxe4 {[%mdl 4096] Endgame KRR-KRN} Rf6 28. Rd1 Nf8 29. Rd8 h6 30. Rb8 b5 31. Rb6 Nd7 32. Rxa6 Nc5 33. Ra8+ Kh7 34. Re3 Na4 35. b3 Nb6 36. Re8 {Accuracy: White = 77%, Black = 38%.} 1-0

[Event "IIFL Wealth 4th Mumbai GM"]
[Site "Mumbai"]
[Date "2019.01.03"]
[Round "5"]
[White "Mohammad Nubairshah Shaikh"]
[Black "Tran, Tuan Minh"]
[Result "0-1"]
[WhiteElo "2437"]
[BlackElo "2524"]
[Annotator "TA"]
[PlyCount "60"]
[EventDate "2018.12.30"]
[EventType "swiss"]
[EventCountry "IND"]
[SourceTitle "playchess.com"]
[Source "ChessBase"]
[SourceQuality "1"]

{[%evp 25,60,5,31,19,24,0,0,0,0,0,0,0,2,-115,-112,-117,-122,-118,-130,-223,-230,-224,-205,-479,-457,-632,-632,-632,-622,-591,-575,-832,-818,-29993,-29994,-29994,-29995]} 1. d4 Nf6 2. c4 e6 3. Nc3 Bb4 4. Qc2 c5 5. dxc5 O-O 6. a3 Bxc5 7. Nf3 Nc6 8. Bg5 b6 9. e3 {E39: Nimzo-Indian: Classical: 4...c5 5 dxc5 0-0} h6 10. Bh4 Bb7 11. Be2 Be7 12. O-O Nh5 13. Bxe7 Qxe7 {LiveBook: 5 Games} 14. Rfd1 Nf6 {[%cal Bh5f6,Bf6d5,Bd5e3,Be3g2][%mdl 32] [#]} 15. Nb5 $146 ({Predecessor:} 15. b4 Rfd8 16. Qb3 d6 17. h3 Nd7 18. Nd2 Nf6 {0-1 (79) Bocharov,D (2614)-Ivanchuk,V (2729) Sochi 2007}) 15... d5 16. cxd5 Nxd5 17. Rac1 Rac8 18. Qa4 Rfd8 19. Nbd4 ({Not} 19. Nxa7 $2 Nxa7 20. Ba6 Rxc1 $19) (19. Nc3 $11) 19... Nxd4 $17 20. Nxd4 Rxc1 21. Rxc1 {[#]} Nxe3 $1 {[%mdl 512]} 22. Bf3 {[#]} (22. g3 $17 Nf5 23. Nxf5 exf5 24. Ba6) (22. fxe3 Qg5) 22... Nxg2 $1 $19 {[%mdl 512]} 23. Bxb7 {[#]} (23. Bxg2 Qg5) 23... Nf4 $1 (23... Qxb7 24. Nc6 $16) 24. Bf3 $2 (24. Nxe6 Nxe6 25. Bg2) 24... Qh4 ({Weaker is} 24... Nh3+ 25. Kf1 $19) 25. Qxa7 Nh3+ 26. Kg2 Qg5+ ({Stronger than} 26... Qxd4 27. Kxh3 Qxf2 28. Qb7 $11) (26... Rxd4 $2 27. Qb8+ Kh7 28. Qg3 $19) 27. Kxh3 Rxd4 {[%csl Gg5][%cal Rd4h4]} 28. Be4 {Rc8+ is the strong threat.} f5 {[%csl Gf5][%cal Rg5g4]} 29. Rc8+ Kh7 {[%csl Gf5][%cal Rg5g4]} 30. f3 Rxe4 {Accuracy: White = 27%, Black = 97%.} 0-1

[Event "IIFL Wealth 4th Mumbai GM"]
[Site "Mumbai"]
[Date "2019.01.03"]
[Round "5"]
[White "Manik, Mikulas"]
[Black "Aleksandrov, Aleksej"]
[Result "1/2-1/2"]
[WhiteElo "2410"]
[BlackElo "2590"]
[Annotator "TA"]
[PlyCount "89"]
[EventDate "2018.12.30"]
[EventType "swiss"]
[EventCountry "IND"]
[SourceTitle "playchess.com"]
[Source "ChessBase"]
[SourceQuality "1"]

{[%evp 17,89,5,22,4,24,15,28,13,19,13,8,2,2,2,2,-5,7,-9,-4,-39,-4,-58,-51,-59,-56,-58,-54,-59,-60,-66,-65,-64,-53,-35,-37,-62,-66,-70,-73,-66,-66,-69,-41,-54,-41,-43,-41,-41,-41,-54,-41,-54,-44,-169,-151,-283,-266,-666,0,-8,-8,-25,-25,-108,-108,-94,0,0,0,0,0,0,0,0]} 1. e4 e5 2. Nf3 Nc6 3. Bb5 a6 4. Ba4 Nf6 5. O-O Be7 6. d3 b5 7. Bb3 d6 8. a3 {C84: Closed Ruy Lopez: Unusual White 6th moves} O-O 9. h3 (9. Nc3 Na5 10. Ba2 Be6 11. b4 Bxa2 12. Rxa2 Nc6 13. Bg5 Ng4 14. Bd2 Nf6 15. Re1 Qd7 16. Nd5 Nxd5 17. exd5 {½-½ (30) Naiditsch,A (2721)-Wojtaszek,R (2727) Douglas 2018}) 9... Nb8 {[%cal Bc6b8,Bb8d7,Bd7c5][%mdl 32] LiveBook: 3 Games} 10. Re1 Nbd7 11. Nbd2 $146 ({Predecessor:} 11. Ba2 Nc5 12. b4 Ne6 13. Nbd2 Nf4 14. d4 N6h5 15. dxe5 dxe5 16. Bb2 Bd6 17. Nf1 {1-0 (30) Coenen,M (2379)-Harringer,M (2004) Solingen 2017}) 11... h6 12. Nf1 Re8 13. Ng3 Bf8 14. Nh4 Nc5 15. Ba2 Be6 16. Bxe6 Nxe6 17. Nhf5 Kh7 18. d4 g6 19. dxe5 (19. d5 $11 Nc5 20. b4) 19... dxe5 $15 {[#] White must now prevent ...Qxd1.} 20. Ne3 h5 21. Nd5 c6 22. Nxf6+ Qxf6 23. c3 Rad8 24. Qc2 Bc5 25. b4 Bb6 26. Be3 Bxe3 27. Rxe3 Rd7 28. Rd1 Rxd1+ 29. Qxd1 Nf4 (29... Rd8 $5 {[%cal Rd8d1]} 30. Rd3 Rxd3 31. Qxd3 Nf4 $15) 30. Ne2 Rd8 31. Qc2 Qd6 32. Nxf4 exf4 {[%mdl 4096] Endgame KQR-KQR} 33. Rf3 Kg7 34. Kh2 g5 $36 {[%cal Bg6g5,Bg5g4][%mdl 2080] Black has the initiative.} 35. c4 {[#]} ({Better is} 35. Qc1 $15) 35... g4 $1 $19 {[%cal Rg4f3]} 36. c5 (36. Qc3+ $17 {was necessary.} f6 37. c5) 36... Qe5 37. Rd3 $2 (37. hxg4 hxg4 38. Qc3 Qxc3 39. Rxc3) 37... Re8 $2 (37... f3+ $1 $19 38. g3 Rxd3 39. Qxd3 h4) 38. Qd2 Re6 39. h4 Qf6 40. g3 (40. Rd6 $1 $11 {remains equal.}) 40... Rxe4 $17 41. Rd6 Qe5 (41... fxg3+ $17 42. fxg3 Re6) 42. Rxc6 $11 {The position is equal.} Qa1 43. Qd8 ({Don't go for} 43. Rxa6 $2 Rd4 $19) 43... fxg3+ 44. Kg2 Qe5 {( -> ...Rf4)} 45. Rc8 {Accuracy: White = 32%, Black = 62%.} 1/2-1/2

[Event "IIFL Wealth 4th Mumbai GM"]
[Site "Mumbai"]
[Date "2019.01.03"]
[Round "5"]
[White "Sardana, Rishi"]
[Black "Mosadeghpour, Masoud"]
[Result "1-0"]
[WhiteElo "2398"]
[BlackElo "2520"]
[Annotator "TA"]
[PlyCount "103"]
[EventDate "2018.12.30"]
[EventType "swiss"]
[EventCountry "IND"]
[SourceTitle "playchess.com"]
[Source "ChessBase"]
[SourceQuality "1"]

{[%evp 16,103,12,12,14,0,0,-2,21,0,22,7,18,-4,0,0,0,-1,28,5,20,19,27,0,0,-5,-24,-64,-62,-68,-83,-76,-76,-79,-25,-24,-36,-39,12,14,60,38,35,56,68,73,56,42,108,115,208,212,254,244,299,291,258,37,113,0,258,0,230,169,443,443,624,618,681,679,638,641,731,716,733,727,726,723,709,704,820,799,772,756,831,781,768,745,721,712]} 1. e4 e5 2. Nf3 Nc6 3. Bc4 Nf6 4. d3 Bc5 5. O-O d6 6. c3 a5 {C54: Giuoco Piano: 4 c3 Nf6, main lines with 5 d4 and 5 d3} 7. Re1 O-O 8. Nbd2 Be6 9. Bb5 {LiveBook: 3 Games} Ne7 $146 ({Predecessor:} 9... Qb8 10. Nf1 Qa7 11. Be3 Bxe3 12. Nxe3 Ne7 13. a4 Ng6 14. Bc4 Bxc4 15. Nxc4 {½-½ (47) So,W (2810)-Ding,L (2777) Tbilisi 2017}) 10. Nf1 c6 11. Ba4 b5 12. Bc2 Ng6 13. d4 Bb6 14. Ng3 a4 15. h3 Re8 16. Be3 Bc7 17. Qd2 exd4 18. Nxd4 Bd7 19. f4 c5 20. Nf3 Bc6 21. f5 d5 22. fxg6 Bxg3 23. gxf7+ Kxf7 24. Bf2 {[%cal Be3f2,Bf2g3,Bg3e5][%mdl 32]} dxe4 (24... Nxe4 $17 25. Bxe4 dxe4 26. Bxg3 exf3 27. Qf4+ Qf6 28. gxf3 Bxf3) 25. Bxg3 $11 exf3 26. Qg5 Qd5 (26... fxg2 $15 27. Rxe8 Qxe8) 27. Be5 $1 Rad8 28. Rad1 Rxe5 $1 29. Rxe5 $40 {[%mdl 128] White mounts an attack.} Qxd1+ $1 30. Bxd1 Rxd1+ 31. Kf2 $1 fxg2 (31... h6 $1 $14 32. Qf5 fxg2 33. Qe6+ {[%mdl 64] Double Attack} Kg6) 32. Re1 $16 Rd5 (32... Rd3 $16) 33. Qe3 $18 Kg6 34. Kg1 Rf5 35. Qg3+ Kh6 {[#]} 36. Qh4+ $2 ({White should play} 36. c4 $1 $18 {[%mdl 512]}) 36... Kg6 $14 {[#]} 37. Qg3+ (37. c4 $1 $16 {Qg3+ is the strong threat.} Rf3 38. cxb5 {[%mdl 64] Discovered Attack (Double check)}) 37... Kh6 $18 38. Qe3+ Kg6 $1 39. Qd3 {Hoping for Re5.} Kg5 $2 (39... c4 {was worth a try.} 40. Qg3+ Kh6) 40. Qd6 {White is clearly winning.} Bf3 (40... Rf1+ $142 41. Rxf1 gxf1=B 42. Qxc5+ Kg6 43. Qxc6 Bc4) 41. Re5 Nd5 42. Rxf5+ Kxf5 43. Qf8+ Nf6 44. Qxc5+ Kf4 45. Qc7+ Kf5 46. Qxg7 Bd5 47. h4 h5 48. Qg5+ Ke6 49. Qe3+ Kd6 50. Qb6+ Bc6 51. Qd4+ Ke6 52. Qc5 {Accuracy: White = 63%, Black = 36%.} 1-0

[Event "IIFL Wealth 4th Mumbai GM"]
[Site "Mumbai"]
[Date "2019.01.03"]
[Round "5"]
[White "Raahul V S"]
[Black "Kishor, Shazzad"]
[Result "1-0"]
[WhiteElo "2381"]
[BlackElo "1730"]
[Annotator "NA"]
[PlyCount "157"]
[EventDate "2018.12.30"]
[EventType "swiss"]
[EventCountry "IND"]
[SourceTitle "playchess.com"]
[Source "ChessBase"]
[SourceQuality "1"]
[TimeControl "40/5400+30:1800+30"]

1. c4 {[%emt 0:00:00]} c5 {[%emt 0:07:16]} 2. Nf3 {[%emt 0:00:00]} Nf6 {[%emt 0:00:14]} 3. Nc3 {[%emt 0:00:00]} Nc6 {[%emt 0:00:10]} 4. d4 {[%emt 0:00:11]} cxd4 {[%emt 0:00:05]} 5. Nxd4 {[%emt 0:00:03]} g6 {[%emt 0:00:43]} 6. g3 {[%emt 0:00:36]} Bg7 {[%emt 0:00:02]} 7. Bg2 {[%emt 0:00:11]} O-O {[%emt 0:00:11]} 8. O-O {[%emt 0:00:43]} a6 {[%emt 0:01:58]} 9. Nc2 {[%emt 0:01:35]} d6 {[%emt 0:01:44]} 10. Ne3 {[%emt 0:03:10]} Ne5 {[%emt 0:02:28]} 11. b3 {[%emt 0:02:29]} Neg4 {[%emt 0:00:31]} 12. Nxg4 {[%emt 0:00:51]} Nxg4 {[%emt 0:00:03]} 13. Bb2 {[%emt 0:00:01]} Nf6 {[%emt 0:01:11]} 14. Qd2 {[%emt 0:00:49]} Rb8 {[%emt 0:00:42]} 15. Rfd1 {[%emt 0:00:38]} b6 {[%emt 0:00:32]} 16. e4 {[%emt 0:00:40]} Bb7 {[%emt 0:01:54]} 17. e5 {[%emt 0:00:19]} Ne8 {[%emt 0:01:33]} 18. Nd5 {[%emt 0:01:49]} dxe5 {[%emt 0:08:29]} 19. Qb4 {[%emt 0:01:16]} Bxd5 {[%emt 0:13:44]} 20. Rxd5 {[%emt 0:00:34]} Qc7 {[%emt 0:01:28]} 21. Rad1 {[%emt 0:00:18]} a5 {[%emt 0:04:48]} 22. Qe1 {[%emt 0:01:23]} e6 {[%emt 0:08:47]} 23. Bxe5 {[%emt 0:04:10]} Bxe5 {[%emt 0:00:30]} 24. Rxe5 {[%emt 0:00:05]} Ng7 {[%emt 0:02:30]} 25. c5 {[%emt 0:03:35]} f6 {[%emt 0:05:18]} 26. Rxe6 {[%emt 0:00:51]} Nxe6 {[%emt 0:00:55]} 27. Qxe6+ {[%emt 0:00:03]} Kh8 {[%emt 0:02:18]} 28. c6 {[%emt 0:00:47]} Rbe8 {[%emt 0:06:43]} 29. Qd6 {[%emt 0:01:21]} Qxd6 {[%emt 0:09:26]} 30. Rxd6 {[%emt 0:00:05]} Rd8 {[%emt 0:00:39]} 31. Re6 {[%emt 0:00:04]} Rde8 {[%emt 0:01:41]} 32. Bd5 {[%emt 0:01:13]} Rc8 {[%emt 0:05:28]} 33. Re7 {[%emt 0:05:27]} Rfd8 {[%emt 0:00:37]} 34. Bf3 {[%emt 0:00:15]} Rd3 {[%emt 0:03:31]} 35. Kg2 {[%emt 0:00:49]} Rxf3 {[%emt 0:00:16]} 36. Kxf3 {[%emt 0:00:05]} Rxc6 {[%emt 0:00:04]} 37. Rb7 {[%emt 0:03:15]} f5 {[%emt 0:00:34]} 38. Kf4 {[%emt 0:01:34]} h6 {[%emt 0:02:38]} 39. Ke5 {[%emt 0:00:18]} Rc5+ {[%emt 0:01:07]} 40. Kf6 {[%emt 0:00:00]} Rc6+ {[%emt 0:00:00]} 41. Kf7 {[%emt 0:05:20]} g5 {[%emt 0:03:19]} 42. h4 {[%emt 0:00:38]} gxh4 {[%emt 0:04:41]} 43. gxh4 {[%emt 0:00:04]} h5 {[%emt 0:02:29]} 44. Re7 {[%emt 0:00:37]} Kh7 {[%emt 0:05:13]} 45. Re5 {[%emt 0:00:02]} Rc7+ {[%emt 0:01:38]} 46. Kf6 {[%emt 0:00:24]} Rc2 {[%emt 0:03:11]} 47. a4 {[%emt 0:05:16]} f4 {[%emt 0:04:46]} 48. Rxh5+ {[%emt 0:00:17]} Kg8 {[%emt 0:00:15]} 49. Rg5+ {[%emt 0:00:02]} Kh7 {[%emt 0:00:45]} 50. Rh5+ {[%emt 0:05:09]} Kg8 {[%emt 0:00:02]} 51. Rb5 {[%emt 0:00:03]} Rxf2 {[%emt 0:00:57]} 52. Kf5 {[%emt 0:00:40]} f3 {[%emt 0:03:06]} 53. Kf4 {[%emt 0:00:07]} Rf1 {[%emt 0:01:25]} 54. Rxb6 {[%emt 0:00:10]} Rh1 {[%emt 0:03:00]} 55. Kxf3 {[%emt 0:00:34]} Rxh4 {[%emt 0:00:08]} 56. Rb5 {[%emt 0:00:03]} Kf7 {[%emt 0:01:04]} 57. Ke2 {[%emt 0:00:05]} Rh3 {[%emt 0:01:03]} 58. Kd2 {[%emt 0:00:02]} Ke6 {[%emt 0:00:16]} 59. Kc2 {[%emt 0:00:04]} Kd6 {[%emt 0:00:39]} 60. Rxa5 {[%emt 0:00:03]} Kc6 {[%emt 0:00:14]} 61. Re5 {[%emt 0:01:25]} Kb6 {[%emt 0:00:18]} 62. Rd5 {[%emt 0:00:15]} Ka6 {[%emt 0:01:05]} 63. Rd3 {[%emt 0:00:47]} Rh4 {[%emt 0:00:07]} 64. Kc3 {[%emt 0:00:05]} Rg4 {[%emt 0:01:47]} 65. b4 {[%emt 0:00:07]} Rh4 {[%emt 0:00:14]} 66. Rd6+ {[%emt 0:00:08]} Kb7 {[%emt 0:00:10]} 67. Rd4 {[%emt 0:00:02]} Rh5 {[%emt 0:00:20]} 68. Kc4 {[%emt 0:00:04]} Rg5 {[%emt 0:00:23]} 69. Rd5 {[%emt 0:01:14]} Rg6 {[%emt 0:00:44]} 70. a5 {[%emt 0:00:06]} Rh6 {[%emt 0:00:56]} 71. Kc5 {[%emt 0:00:29]} Rc6+ {[%emt 0:00:46]} 72. Kb5 {[%emt 0:00:00]} Rc7 {[%emt 0:00:13]} 73. a6+ {[%emt 0:00:07]} Ka7 {[%emt 0:00:25]} 74. Ka5 {[%emt 0:00:02]} Rh7 {[%emt 0:00:58]} 75. b5 {[%emt 0:00:03]} Rh8 {[%emt 0:01:57]} 76. b6+ {[%emt 0:00:17]} Ka8 {[%emt 0:02:10]} 77. a7 {[%emt 0:00:08]} Kb7 {[%emt 0:02:56]} 78. Rd7+ {[%emt 0:00:02]} Ka8 {[%emt 0:00:36]} 79. Ka6 {[%emt 0:00:02]} 1-0